| 000 | 01150cam a2200277 a 4500 | ||
|---|---|---|---|
| 999 |
_c331674 _d331674 |
||
| 001 | 16848423 | ||
| 003 | NUST | ||
| 005 | 20171013102901.0 | ||
| 008 | 110629s2011 enkab b 001 0beng | ||
| 010 | _a 2011431342 | ||
| 020 | _a9780752463872 | ||
| 040 |
_aDLC _cDLC _dDLC |
||
| 042 | _apcc | ||
| 050 | 0 | 0 |
_aDS374.H5 _bH36 2011 |
| 082 |
_a909 _bHAN |
||
| 100 | 1 |
_aHannigan, Tim. _95426 |
|
| 245 | 1 | 0 |
_aMurder in the Hindu Kush : _bGeorge Hayward and the great game / _cTim Hannigan. |
| 260 |
_aStroud : _bHistory Press, _c2011. |
||
| 300 |
_a254 p. : _bill., maps ; _c25 cm. |
||
| 504 | _aIncludes bibliographical references (p. [249]) and index. | ||
| 600 | 1 | 0 |
_aHayward, George, _d1839-1870. _95427 |
| 650 | 0 |
_aExplorers _zHindu Kush-Himalayan Region _vBiography. _95428 |
|
| 651 | 0 |
_aHindu Kush-Himalayan Region _xHistory. _95429 |
|
| 856 | 4 | 2 |
_3Contributor biographical information _uhttp://www.loc.gov/catdir/enhancements/fy1115/2011431342-b.html |
| 856 | 4 | 2 |
_3Publisher description _uhttp://www.loc.gov/catdir/enhancements/fy1115/2011431342-d.html |
| 906 |
_a7 _bcbc _corigres _d2 _encip _f20 _gy-gencatlg |
||
| 942 |
_2ddc _cBK |
||